La institucionalización de adolescentes y jóvenes correccionales /
La presente ponencia es parte de los resultados de un programa de investigación cuya problemática se sitúa alrededor de los mecanismos sociales e institucionales que generan un proceso de exclusión en el goce de los derechos, en sectores adolescentes y jóvenes urbanos de la Ciudad de Córdoba. El sup...
Kaydedildi:
| Yazar: | |
|---|---|
| Materyal Türü: | Metin |
| Dil: | Spanish |
| Konular: | |
| Etiketler: |
Etiketle
Etiket eklenmemiş, İlk siz ekleyin!
|
MARC
| LEADER | 00000 a a2200000 04500 | ||
|---|---|---|---|
| 003 | cru CRAI/IIS | ||
| 005 | 20220330084835.0 | ||
| 008 | 220330b |||||||| |||| 00| 0 spa d | ||
| 040 | |c cru CRAI/IIS | ||
| 100 | 1 | |a Laje, María Inés |9 9855 |e Autora | |
| 245 | 1 | 3 | |a La institucionalización de adolescentes y jóvenes correccionales / |c María Inés Laje |
| 300 | |a páginas 135-154 | ||
| 520 | |a La presente ponencia es parte de los resultados de un programa de investigación cuya problemática se sitúa alrededor de los mecanismos sociales e institucionales que generan un proceso de exclusión en el goce de los derechos, en sectores adolescentes y jóvenes urbanos de la Ciudad de Córdoba. El supuesto más general que orienta el trabajo es que esta situación de exclusión es producto de un proceso de estimación, que genera una identidad y unas estrategias específicas de sobrevivencia. Se procura caracterizar los diferentes actores sociales y políticos - estatales cuya actuación contribuye a configurar tal proceso de exclusión, acudiendo para ello al análisis de las posiciones y prácticas de los agentes que participan en el campo de los derechos de los adolescentes y jóvenes en tal situación. DOC/WMV. | ||
| 650 | 0 | |9 424 |a SISTEMA SOCIAL | |
| 650 | 0 | |9 38 |a DERECHOS HUMANOS | |
| 650 | 0 | |9 2203 |a SISTEMA JUDICIAL | |
| 650 | 0 | |9 4062 |a INSTITUCIONES PENALES | |
| 650 | 0 | |9 72 |a INTEGRACION SOCIAL | |
| 651 | 0 | |9 3346 |a ARGENTINA | |
| 773 | 0 | |0 43626 |9 5231 |a Jornadas Internacionales de Investigación Social sobre Infancia y Adolescencia, la Convención de los derechos del Niño y las Prácticas Sociales. |d Córdoba, Argentina : UNICEF; Fundación Antorchas; Fundación INCIDE; Municipalidad de Córdoba ; Colegio de Profesionales de Trabajo Social de Córdoba ; Colegio de Escribanos de la Provincia de Cordoba, 2000 |o 21150 |t Ponencias / | |
| 942 | |2 ddc |c LI | ||
| 999 | |c 44168 |d 44168 | ||
